Zvýšenie povedomia konkrétnej značky prostredníctvom nástrojov marketingovej komunikácie bakalárska práca

Salvato in:
Dettagli Bibliografici
Autore principale: Ďurišová, Veronika
Ente Autore: Obchodná fakulta EU. Katedra marketingu
Altri autori: Korčoková, Marína, 1970-
Natura: Libro
Lingua:slovacco
Pubblicazione: Bratislava 2025
Tags: Aggiungi Tag
Nessun Tag, puoi essere il primo ad aggiungerne!!

MARC

LEADER 00000nbm a2200000 4500
001 0310980
005 20251031124421.6
041 0 |a slo 
044 |a SK 
245 1 0 |a Zvýšenie povedomia konkrétnej značky prostredníctvom nástrojov marketingovej komunikácie  |b bakalárska práca  |c Veronika Ďurišová ; školiteľ: Marína Korčoková 
264 1 |a Bratislava  |c 2025 
300 |a 73 s. 
100 1 |a Ďurišová, Veronika 
700 1 |a Korčoková, Marína, 1970- 
710 2 |a Obchodná fakulta EU. Katedra marketingu